00370cam a22001337a 4500008004000000082001800040100002000058245005600078250001500134260003600149300001000185650002300195700001800218180718b1980 xxu||||| |||| 00| 0 eng d aA99 D334 T299 aTeveth, Shabtai aMoshe Dayancby Shabtai Teveth, tr. by David Zinder aIndian ed. aDelhibEnglish Book Storec1980 a426p. aDayan, Moshe, 1915 aZinder, David